000
00315nam a2200133Ia 4500
008
240624s9999 xx 000 0 und d
041
_a
eng
082
_a
920 PAT
100
_a
PATEL H M
245
_a
FIRST FLUSH OF FREEDOM
260
_c
2005
_a
New Delhi
_b
Rupa and Company
300
_a
316 : p.
365
_c
RS
_b
25
999
_c
17589
_d
17589